Рідний край. Газета Гадяцького земства 9 травня №9 (Record no. 206644)

MARC details
001 - Ідентифікатор запису
Ідентифікатор запису 206644
101 ## - Мова
Мова українська
102 ## - Країна публікації/виробництва
Країна Україна
200 ## - Назва
Назва Рідний край. Газета Гадяцького земства 9 травня №9
210 ## - Місце та час видання
Дата видання 2025
942 ## - Додаткові дані (Коха)
Тип одиниці Газети
000 -Маркер запису
Маркер (контрольне поле довжиною 24 байти) 00377nam 22001453 4500
005 - Ідентифікатор версії
Ідентифікатор версії 20250520131523.0
100 ## - Дані загальної обробки
Дані загальної обробки 20250520 ukry50
801 ## - Джерело походження запису
Код бібліографічного формату unimarc
Країна Україна
Правила каталогізації psbo
Holdings
Джерельне місце зберігання Поточне місце зберігання чи видачі Тип одиниці (рівень примірника) <br/>&nbsp; Штрих-код Джерело класифікації чи схема поличного розташування Дата внесення в Коха Стан списання <br/>&nbsp;<br/>&nbsp; Стан обігу (не для випожичання) Стан пошкодження Стан втрати/відсутності Дата, коли останній раз бачено примірник Дата останнього редагування примірника
Читальний зал Читальний зал Газети 2025/9РідГаз Універсальна десяткова класифікація (УДК) 20/05/2025         20/05/2025 2025-05-20 13:15:52

Powered by Koha